[Event "BAN-chT2"]
[White "Md Mazharul, Kabir"]
[Black "Md, Mutakabbir"]
[Site "Dhaka"]
[Round "5.1"]
[Result "0-1"]
[Date "2022.07.22"]
[WhiteElo "1832"]
[BlackElo "1834"]
[PlyCount "84"]
[EventDate "2022.07.18"]
[EventType "team-swiss"]
[EventRounds "9"]
[EventCountry "BAN"]
[SourceTitle "EXT 2023"]
[Source "ChessBase"]
[SourceDate "2022.10.05"]
[SourceVersion "1"]
[SourceVersionDate "2022.10.05"]
[SourceQuality "1"]
[WhiteTeam "Desh Seba Krira Chakra"]
[BlackTeam "Bangladesh Chess Arena"]
[WhiteTeamCountry "BAN"]
[BlackTeamCountry "BAN"]

1. e4 e6 2. d4 d5 3. Nc3 Bb4 4. e5 c5 5. a3 Bxc3+ 6. bxc3 Ne7 7. Bb5+ Nbc6 8. Ne2 0-0 9. 0-0 Bd7 10. a4 a6 11. Bxc6 Nxc6 12. Ba3 f6 13. Bxc5 Rf7 14. f4 Rc8 15. Qb1 Be8 16. a5 fxe5 17. fxe5 Rxf1+ 18. Kxf1 Qd7 19. Bd6 Bg6 20. Kg1 h6 21. Qd1 Na7 22. Qd2 Nb5 23. Bc5 Be4 24. Rf1 Qc7 25. Bb6 Qc4 26. Bc5 Qa4 27. Qf4 Bg6 28. Qg4 Bf5 29. Rxf5 exf5 30. Qxf5 Re8 31. e6 Nc7 32. Qf7+ Kh7 33. Qxc7 Rxe6 34. h3 Qe8 35. Nf4 Re1+ 36. Kh2 Qe3 37. Bf8 Qg1+ 38. Kg3 Re3+ 39. Kh4 Qf2+ 40. Kh5 Rg3 41. h4 Qe1 42. Qf7 Qd1+ 0-1

[Event "Dhaka Bangabandhu op-B"]
[White "Md Mazharul, Kabir"]
[Black "Sacchu, Afzal Hossain"]
[Site "Dhaka"]
[Round "9"]
[Result "1-0"]
[Date "2021.03.17"]
[WhiteElo "1821"]
[BlackElo "1993"]
[PlyCount "103"]
[EventDate "2021.03.09"]
[EventType "swiss"]
[EventRounds "9"]
[EventCountry "BAN"]
[SourceTitle "EXT 2022"]
[Source "ChessBase"]
[SourceDate "2021.10.06"]
[SourceVersion "1"]
[SourceVersionDate "2021.10.06"]
[SourceQuality "1"]

1. d4 Nf6 2. c4 e6 3. Nc3 d5 4. Nf3 Be7 5. Bf4 0-0 6. e3 Nbd7 7. c5 b6 8. b4 Ne4 9. Nxe4 dxe4 10. Ne5 Nxe5 11. Bxe5 a5 12. a3 Bb7 13. Be2 Bd5 14. 0-0 Qd7 15. Qc2 f6 16. Bg3 g5 17. Rfc1 axb4 18. axb4 bxc5 19. bxc5 c6 20. Qb2 Kg7 21. h3 Kg6 22. Rcb1 h5 23. h4 g4 24. Qc1 f5 25. Rb2 Rxa1 26. Qxa1 Qd8 27. Rb8 Qd7 28. Rb6 Rc8 29. Qa6 Qd8 30. Qb7 Qf8 31. Ra6 Re8 32. Ra7 Kf6 33. Be5+ Kg6 34. Bd6 Kf6 35. Be5+ Kg6 36. g3 Qg8 37. Qc7 Bf6 38. Bxf6 Kxf6 39. Qe5+ Kg6 40. Qf4 Kf6 41. Qc7 Kg6 42. Kg2 Rc8 43. Qe7 Kh6 44. Ba6 Re8 45. Qd6 Kg6 46. Rd7 Qf8 47. Qc7 Ra8 48. Bb7 Ra7 49. Qf4 Qf6 50. Qb8 Rxb7 51. Qg8+ Qg7 52. Qxg7# 1-0

[Event "BAN-chB 44th"]
[White "Md Mazharul, Kabir"]
[Black "Saiful, Islam"]
[Site "Dhaka"]
[Round "1"]
[Result "0-1"]
[Date "2018.11.13"]
[WhiteElo "1840"]
[BlackElo "2110"]
[PlyCount "72"]
[EventDate "2018.11.13"]
[EventType "swiss"]
[EventRounds "9"]
[EventCountry "BAN"]
[SourceTitle "CBM 187 Extra"]
[Source "ChessBase"]
[SourceDate "2018.11.04"]
[SourceVersion "1"]
[SourceVersionDate "2018.11.04"]
[SourceQuality "1"]

1. e4 e5 2. Nf3 Nc6 3. c3 d5 4. d3 dxe4 5. dxe4 Qxd1+ 6. Kxd1 Nf6 7. Bd3 Bg4 8. Be3 0-0-0 9. Kc2 Bh5 10. h3 Be7 11. Nbd2 a6 12. g4 Bg6 13. Nh4 Bxe4 14. Nxe4 Nxe4 15. Nf5 Nd6 16. Nxg7 e4 17. Be2 Rhg8 18. Nh5 Rde8 19. Rad1 Ne5 20. Bd4 Bh4 21. Rhf1 Re7 22. a4 Bg5 23. b3 Rge8 24. c4 f6 25. c5 Ndf7 26. Ng7 Rd8 27. Nf5 Red7 28. h4 Bf4 29. Kc3 a5 30. Ng7 Re7 31. Nh5 Bh6 32. Nxf6 Bg7 33. Nxe4 Nc6 34. f3 Nxd4 35. Kd3 Nxb3+ 36. Kc4 Nd4 0-1

[Event "BAN-chB 43rd"]
[White "Md Mazharul, Kabir"]
[Black "Majumder, Ahmed Hossain"]
[Site "Dhaka"]
[Round "4"]
[Result "0-1"]
[Date "2017.11.10"]
[WhiteElo "1811"]
[BlackElo "1989"]
[PlyCount "90"]
[EventDate "2017.11.07"]
[EventType "swiss"]
[EventRounds "11"]
[EventCountry "BAN"]
[SourceTitle "CBM 181 Extra"]
[Source "ChessBase"]
[SourceDate "2017.12.12"]
[SourceVersion "1"]
[SourceVersionDate "2017.12.12"]
[SourceQuality "1"]

1. e4 c5 2. Nf3 e6 3. d4 cxd4 4. Nxd4 Nf6 5. Bd3 Bb4+ 6. Bd2 Bxd2+ 7. Nxd2 Nc6 8. c3 d5 9. Nxc6 bxc6 10. e5 Nd7 11. Nf3 Nc5 12. Be2 Rb8 13. b4 Ne4 14. Qc2 0-0 15. Nd4 Bd7 16. a3 Qg5 17. 0-0 Qxe5 18. Bd3 Nf6 19. Rae1 Qf4 20. g3 Qh6 21. f4 Rfc8 22. Nb3 Be8 23. Qf2 Rb6 24. a4 Ng4 25. Qc2 g6 26. a5 Rbb8 27. h4 Qg7 28. Nc5 d4 29. Ba6 Rd8 30. Qe4 h5 31. Nb7 Rd7 32. Nc5 Rd6 33. Nb7 Rxb7 34. Bxb7 f5 35. Qd3 Qxb7 36. Rf3 Bf7 37. Rb1 e5 38. fxe5 Nxe5 39. Qf1 Nxf3+ 40. Qxf3 dxc3 41. Qxc3 Qd7 42. Qe5 Rd1+ 43. Rxd1 Qxd1+ 44. Kf2 Qd2+ 45. Kg1 Qxb4 0-1